00489 2200205 4500001002100000005001500021035001900036245003500055100001100090300003800101260003700139082000700176084001300183020002100196990001400217990001300231990001300244990001300257990001300270INLIS00000000000298320260409084302$a 0010-0426000074$a Keajaiban Taj Mahal /$c Tim CBM$a Tim CBM$a 72 hlm : $b ilus ; $c 17.5 x 25 cm$a Bandung :$b PT Karya Kita,$c 2007$a 932$a 932 TIM k$a 978-979-9282-64-4$a 25060/2012$a 2507/2012$a 2508/2012$a 2509/2012$a 2510/2012